Vplyv prílevu priamych zahraničných investícií na slovenský export

Vplyv prílevu PZI na export a exportnú štruktúru Slovenska v rokoch 1996 až 2003. Vývoj slovenského exportu v rokoch 1996 až 2003. Vývoj PZI v podnikovej sfére v rokoch 1996 až 2003. Vzťah medzi prílevom PZI a exportom.

Uložené v:
Podrobná bibliografia
Hlavný autor: Dudáš, Tomáš, 1976-
Ďalší autori: Ferenčíková, Soňa, 1960-
Médium: Kapitola
Jazyk:Slovak
Predmet:
Tagy: Pridať tag
Žiadne tagy, Buďte prvý, kto otaguje tento záznam!

MARC

LEADER 00000naa$a2200000$$$4500
001 0042556
005 20240502071516.3
041 0 |a slo 
044 |a SK 
245 1 0 |a Vplyv prílevu priamych zahraničných investícií na slovenský export  |c Tomáš Dudáš, Soňa Ferenčíková 
520 |a Vplyv prílevu PZI na export a exportnú štruktúru Slovenska v rokoch 1996 až 2003. Vývoj slovenského exportu v rokoch 1996 až 2003. Vývoj PZI v podnikovej sfére v rokoch 1996 až 2003. Vzťah medzi prílevom PZI a exportom. 
610 2 0 |a Slovensko 
610 2 0 |a štruktúra vývozu 
610 2 0 |a vývoz 
610 2 0 |a investície priame zahraničné 
610 2 0 |a komodity 
610 2 0 |a prostredie podnikateľské 
100 1 |a Dudáš, Tomáš, 1976- 
700 1 |a Ferenčíková, Soňa, 1960-